000 00565nam a2200193Ia 4500
999 _c3794
_d3794
003 OSt
005 20200819094935.0
008 190216s9999||||xx |||||||||||||| ||und||
020 _a9780198728726
040 _coclc
082 _a541.3
_bATK/P
100 _aAtkins, Peter
_94151
245 0 _aPhysical Chemistry /
_cPeter Atkins ; Julio De Paula
250 _a10th Ed.
260 _bOxford University Press,
_c2002.
_aNew Delhi:
300 _a1008p
650 _aPeter Atkins Julio De Paula
942 _cBK
_2ddc
_h541.3
_iATK/P
_k541.3
_mATK/P